000 01173nam a22001457a 4500
999 _c522432
_d522432
008 230411b ||||| |||| 00| 0 eng d
100 _aAghion, Philippe
_940039
245 _aEnvironmental preferences and technological choices: Is market competition clean or dirty?
260 _aAmerican Economic Review: Insights
300 _a5(1), Mar, 2023: p.1-20
520 _aWe investigate the effects of consumers' environmental concerns and market competition on firms' decisions to innovate in "clean" technologies. Agents care about their consumption and environmental footprint; firms pursue greener products to soften price competition. Acting as complements, these forces determine R&D, pollution, and welfare. We test the theory using panel data on patents by 7,060 automobile sector firms in 25 countries, environmental willingness to pay, and competition. As predicted, exposure to prosocial attitudes fosters clean innovation, all the more so where competition is strong. Plausible increases in both together can spur it as much as a large fuel price increase.- Reproduced
773 _aAmerican Economic Review: Insights
906 _aENVIRONMENT
942 _cAR